Harry Potter Logic Puzzle: Fours Quiz Stats

 Plays Quiz not verified by Sporcle

Support Sporcle.
Go Orange.
Score 0/36 Timer 20:00
1 Play Today
% Correct
A1









???
100%
F6









???
74.8%
A6









???
66.2%
B2









???
65%
F1









???
64.9%
E5









???
63.6%
B5









???
61.1%
E2









???
59.3%
C4









???
54.4%
C2









???
53.9%
D2









???
51.4%
C3









???
49.3%
D3









???
47.9%
D4









???
47.6%
B6









???
46.8%
A5









???
46.3%
D1









???
44.1%
C1









???
39.4%
% Correct
D6









???
36.7%
B1









???
36%
A2









???
34.7%
D5









???
34%
C5









???
33.7%
F2









???
33.4%
C6









???
33%
E1









???
32.1%
E6









???
29%
F5









???
26.7%
E3









???
25.2%
F3









???
20.5%
E4









???
20.5%
F4









???
20%
B4









???
19.7%
B3









???
19.2%
A4









???
19.2%
A3









???
18.4%

You're not logged in!

Compare scores with friends on all Sporcle quizzes.
OR
Log In

From the Vault

Missing Middles: 'The' TV Shows

by MSUKent

Malcolm in the Middle doesn't count, but it's a great show, so we're mentioning it anyway.
Remove Ads.
Support Sporcle.
Get the best of Sporcle when you Go Orange. This ad-free experience offers more features, more stats, and more fun while also helping to support Sporcle. Thank you for becoming a member.

Show Comments

Extras

Top Quizzes Today


Score Distribution

Your Account Isn't Verified!

In order to create a playlist on Sporcle, you need to verify the email address you used during registration. Go to your Sporcle Settings to finish the process.

Report this User

Report this user for behavior that violates our Community Guidelines.

Details: